[Event "CYCC U10"]
[Site "Kitchener CAN"]
[Date "2006.07.11"]
[Round "4"]
[White "Williams, Maxwell"]
[Black "Blair, Jeffrey"]
[Result "1-0"]
[WhiteElo "1177"]
[BlackElo "1009"]
[PlyCount "75"]
[EventDate "2006.07.10"]
[EventType "swiss"]
[EventRounds "7"]
[EventCountry "CAN"]

1. d4 d5 2. Nf3 Nc6 3. Nc3 Nf6 4. g3 g6 5. Bg2 Bg7 6. Qd3 Bf5 7. Qb5 a6 8. Qxb7
Na5 9. Qb4 c6 10. Ne5 Rb8 11. Qa4 O-O 12. Nxc6 Bd7 13. Nxd8 Bxa4 14. Nxa4 Rfxd8
15. Bf4 Rb4 16. Nc3 Rxb2 17. Rb1 Rxc2 18. Rc1 Rxc1+ 19. Bxc1 Rc8 20. Bd2 Nd7
21. e3 e5 22. Bh3 Nc4 23. Bc1 Ncb6 24. Bd2 exd4 25. exd4 Bxd4 26. Ne2 Re8 27.
Bg4 Nf6 28. h3 Nxg4 29. hxg4 Nc4 30. Bg5 Re5 31. Bf6 Bc3+ 32. Kf1 Nd2+ 33. Kg2
Rxe2 34. Bxc3 Ne4 35. Ba1 Rxf2+ 36. Kh3 Rxa2 37. Rb1 g5 38. Rb8# 1-0

[Event "CYCC U10"]
[Site "Kitchener CAN"]
[Date "2006.07.12"]
[Round "5"]
[White "Dragan, Cristian"]
[Black "Kalra, Agastya"]
[Result "1-0"]
[WhiteElo "1603"]
[BlackElo "1243"]
[PlyCount "43"]
[EventDate "2006.07.10"]
[EventType "swiss"]
[EventRounds "7"]
[EventCountry "CAN"]

1. e4 e5 2. Nf3 Nc6 3. Bb5 Bc5 4. O-O d6 5. c3 a6 6. Bxc6+ bxc6 7. d4 exd4 8.
cxd4 Bb6 9. Nc3 Ne7 10. h3 O-O 11. Bf4 Re8 12. Re1 Ng6 13. Bg3 c5 14. d5 f6 15.
Rc1 Ne5 16. Nxe5 fxe5 17. Qh5 Qf6 18. Qxe8+ Qf8 19. Qxf8+ Kxf8 20. Re3 Bb7 21.
Rf3+ Kg8 22. Rf5 1-0

[Event "CYCC U10"]
[Site "Kitchener CAN"]
[Date "2006.07.12"]
[Round "5"]
[White "Leblanc, Jocelyn"]
[Black "Williams, Maxwell"]
[Result "0-1"]
[WhiteElo "1041"]
[BlackElo "1177"]
[PlyCount "58"]
[EventDate "2006.07.10"]
[EventType "swiss"]
[EventRounds "7"]
[EventCountry "CAN"]

1. e4 g6 2. d4 Bg7 3. g3 Nf6 4. Nc3 b6 5. Bg2 Bb7 6. Nge2 d6 7. O-O c5 8. Bg5
Qc8 9. dxc5 bxc5 10. Bxf6 exf6 11. Qd3 Qc6 12. Rad1 f5 13. b3 O-O 14. a4 Rd8
15. f3 Nd7 16. exf5 gxf5 17. Qxf5 Nf6 18. Qd3 Ng4 19. h3 Qb6 20. hxg4 c4+ 21.
Qd4 Bxd4+ 22. Nxd4 cxb3 23. cxb3 Rac8 24. Rc1 Qxd4+ 25. Kh1 Rxc3 26. Rce1 Rdc8
27. f4 Rb8 28. f5 Qd2 29. Rg1 Qh6# 0-1

[Event "CYCC U10"]
[Site "Kitchener CAN"]
[Date "2006.07.12"]
[Round "5"]
[White "Qin, Zi Yi (Joey)"]
[Black "Florea, Alexandru"]
[Result "1-0"]
[WhiteElo "1780"]
[BlackElo "1705"]
[PlyCount "88"]
[EventDate "2006.07.10"]
[EventType "swiss"]
[EventRounds "7"]
[EventCountry "CAN"]

1. c4 c5 2. Nc3 Nc6 3. g3 Nf6 4. Bg2 e6 5. e4 Be7 6. Nge2 O-O 7. O-O a6 8. d3
Rb8 9. Qc2 Nb4 10. Qd1 d5 11. a3 d4 12. Nb1 Nc6 13. f4 e5 14. f5 b5 15. b3 a5
16. h3 a4 17. cxb5 axb3 18. Qxb3 Qa5 19. a4 Nb4 20. Nd2 Rxb5 21. Nc4 Qa7 22.
axb5 Qxa1 23. Ba3 Qa2 24. Qxa2 Nxa2 25. Nxe5 Bd7 26. Nxd7 Nxd7 27. Ra1 Nc3 28.
Nxc3 dxc3 29. e5 Rb8 30. e6 fxe6 31. fxe6 Nf8 32. d4 Rxb5 33. Rc1 cxd4 34. Bxe7
Nxe6 35. Bf1 Rb7 36. Ba3 Rd7 37. Bc4 Rd8 38. Bxe6+ Kh8 39. Bg4 h6 40. Kf2 Kh7
41. Bf5+ g6 42. Bd3 Kg7 43. Re1 g5 44. Bc5 Ra8 1-0

[Event "CYCC U10"]
[Site "Kitchener CAN"]
[Date "2006.07.12"]
[Round "5"]
[White "Sohal, Tanraj"]
[Black "Leu, Richard"]
[Result "0-1"]
[WhiteElo "1596"]
[BlackElo "1483"]
[PlyCount "138"]
[EventDate "2006.07.10"]
[EventType "swiss"]
[EventRounds "7"]
[EventCountry "CAN"]

1. e4 c5 2. Nf3 Nc6 3. d4 cxd4 4. Nxd4 e6 5. Nxc6 bxc6 6. Bf4 Nf6 7. Nc3 d5 8.
exd5 cxd5 9. Nb5 Bc5 10. Bd3 Bb6 11. Nd6+ Kf8 12. Nxc8 Rxc8 13. O-O Bc7 14.
Bxc7 Qxc7 15. Kh1 Rb8 16. b3 g6 17. f4 Kg7 18. Qf3 h5 19. Qe3 Nd7 20. Rae1 Qc5
21. Qxc5 Nxc5 22. Rf3 Rbc8 23. Re2 Rc7 24. h3 Rhc8 25. Rff2 Nxd3 26. cxd3 Rc1+
27. Kh2 Kf6 28. g3 R8c3 29. Rd2 Re1 30. Rc2 Rc1 31. Rxc1 Rxc1 32. Kg2 Rd1 33.
Rf3 Rd2+ 34. Rf2 Rxd3 35. Rc2 Rd4 36. Kf2 a5 37. Ke3 Re4+ 38. Kf3 a4 39. Rb2
axb3 40. axb3 Rb4 41. h4 Kf5 42. Ke3 Kg4 43. Kf2 f6 44. Re2 Kf5 45. Re3 e5 46.
fxe5 fxe5 47. Rd3 d4 48. Rf3+ Ke6 49. Ke2 Rb6 50. Kd2 e4 51. Rf4 Ke5 52. Kc2
Rf6 53. Rxf6 Kxf6 54. b4 Ke6 55. Kb3 e3 56. Kc2 e2 57. Kd2 d3 58. b5 Kd6 59.
Ke1 Kc5 60. Kd2 Kxb5 61. Ke1 Kc4 62. Kd2 Kd4 63. g4 hxg4 64. h5 g3 65. h6 g2
66. h7 e1=Q+ 67. Kxe1 g1=Q+ 68. Kd2 Qh2+ 69. Kc1 Qc2# 0-1

[Event "CYCC U10"]
[Site "Kitchener CAN"]
[Date "2006.07.12"]
[Round "5"]
[White "Wasserman, Leor"]
[Black "Jensen, Jacob"]
[Result "1-0"]
[WhiteElo "1369"]
[BlackElo "1158"]
[PlyCount "45"]
[EventDate "2006.07.10"]
[EventType "swiss"]
[EventRounds "7"]
[EventCountry "CAN"]

1. e4 c5 2. Nf3 d6 3. Bc4 Nf6 4. Nc3 Nc6 5. d4 cxd4 6. Nxd4 Nxd4 7. Qxd4 e5 8.
Qd3 a6 9. a4 Be7 10. O-O O-O 11. f4 exf4 12. Bxf4 Qb6+ 13. Kh1 Qxb2 14. Rfb1
Qxb1+ 15. Rxb1 Ng4 16. Qe2 Rd8 17. h3 Ne5 18. Bxe5 dxe5 19. Qf2 Be6 20. Bxe6
fxe6 21. Rxb7 Bg5 22. Qf7+ Kh8 23. Qxg7# 1-0

[Event "CYCC U10"]
[Site "Kitchener CAN"]
[Date "2006.07.12"]
[Round "6"]
[White "Dragan, Cristian"]
[Black "Qin, Zi Yi (Joey)"]
[Result "0-1"]
[WhiteElo "1603"]
[BlackElo "1780"]
[PlyCount "54"]
[EventDate "2006.07.10"]
[EventType "swiss"]
[EventRounds "7"]
[EventCountry "CAN"]

1. e4 c5 2. Nf3 d6 3. d4 cxd4 4. Nxd4 Nf6 5. Nc3 a6 6. Bc4 e6 7. Be3 Be7 8. Bb3
Qc7 9. Qe2 Nbd7 10. g4 Nc5 11. f3 b5 12. g5 Nfd7 13. a3 Bb7 14. Ba2 Nb6 15. b4
Ncd7 16. Qd2 Rc8 17. Nde2 Ne5 18. Kf2 Nbc4 19. Bxc4 Nxc4 20. Qc1 O-O 21. h4 f6
22. Ra2 fxg5 23. hxg5 Ne5 24. Rh3 Qc4 25. Rb2 Bxe4 26. Nxe4 Qxe4 27. Nf4 Qf5
0-1

[Event "CYCC U10"]
[Site "Kitchener CAN"]
[Date "2006.07.12"]
[Round "6"]
[White "Florea, Alexandru"]
[Black "Lepine, Cedric"]
[Result "1-0"]
[WhiteElo "1705"]
[BlackElo "1337"]
[PlyCount "87"]
[EventDate "2006.07.10"]
[EventType "swiss"]
[EventRounds "7"]
[EventCountry "CAN"]

1. d4 d5 2. c4 dxc4 3. Nf3 Nf6 4. e3 Bf5 5. Bxc4 e6 6. O-O Be7 7. Nc3 O-O 8. h3
Nbd7 9. Re1 Nb6 10. Bd3 Bxd3 11. Qxd3 c5 12. b3 cxd4 13. Qxd4 Qxd4 14. Nxd4 Bb4
15. Bb2 Rac8 16. Rac1 h6 17. Red1 Rfd8 18. Nce2 e5 19. a3 exd4 20. axb4 dxe3
21. Bxf6 exf2+ 22. Kxf2 gxf6 23. Rxd8+ Rxd8 24. Rc7 Rd7 25. Rxd7 Nxd7 26. Ke3
Kf8 27. Nd4 Ne5 28. b5 Nd7 29. b4 Nb6 30. Ke4 a6 31. Nf5 h5 32. Nd6 axb5 33.
Nxb7 Na8 34. Kd5 Nc7+ 35. Kc6 Na6 36. Kxb5 Nxb4 37. Kxb4 Kg7 38. Kc4 Kg6 39.
Kd4 Kg5 40. Ke3 f5 41. Kf3 f4 42. Nd6 Kh4 43. Kxf4 f6 44. Nf5# 1-0

[Event "CYCC U10"]
[Site "Kitchener CAN"]
[Date "2006.07.12"]
[Round "6"]
[White "Kalra, Agastya"]
[Black "Wasserman, Leor"]
[Result "1-0"]
[WhiteElo "1243"]
[BlackElo "1369"]
[PlyCount "93"]
[EventDate "2006.07.10"]
[EventType "swiss"]
[EventRounds "7"]
[EventCountry "CAN"]

1. e4 e5 2. Nf3 Nc6 3. Nc3 Bc5 4. Nxe5 Bxf2+ 5. Kxf2 Nxe5 6. d4 Ng6 7. Bc4 d6
8. Rf1 Qh4+ 9. Kg1 Nf6 10. Bd2 O-O 11. Qf3 Bg4 12. Qf2 Qxf2+ 13. Rxf2 Be6 14.
Bb3 Bxb3 15. axb3 Rfe8 16. Re1 a6 17. Rfe2 Nd7 18. Nd5 Rac8 19. Nf4 Nxf4 20.
Bxf4 h6 21. e5 dxe5 22. c3 Kf8 23. Bxe5 Nxe5 24. Rxe5 Rxe5 25. Rxe5 Re8 26.
Rxe8+ Kxe8 27. Kf2 Ke7 28. Ke3 Ke6 29. Ke4 c6 30. c4 g5 31. d5+ cxd5+ 32. cxd5+
Kd6 33. g4 b5 34. b4 f6 35. Kf5 Kxd5 36. Kxf6 Kc4 37. Kg6 Kxb4 38. Kxh6 Kb3 39.
Kxg5 Kxb2 40. h4 a5 41. h5 a4 42. h6 a3 43. h7 a2 44. h8=Q+ Kb3 45. Qa1 Ka3 46.
Qc1+ Ka4 47. Qb2 1-0

[Event "CYCC U10"]
[Site "Kitchener CAN"]
[Date "2006.07.12"]
[Round "6"]
[White "Sohal, Tanraj"]
[Black "Leu, Steven"]
[Result "0-1"]
[WhiteElo "1483"]
[BlackElo "1221"]
[PlyCount "146"]
[EventDate "2006.07.10"]
[EventType "swiss"]
[EventRounds "7"]
[EventCountry "CAN"]

1. e4 c5 2. Nf3 e6 3. d4 cxd4 4. Nxd4 a6 5. Be3 Qc7 6. a3 Nf6 7. Nc3 Nc6 8.
Nxc6 bxc6 9. f3 d6 10. Qd2 Be7 11. Be2 O-O 12. O-O Bb7 13. Rad1 Rfd8 14. Bc4 d5
15. exd5 cxd5 16. Bb3 d4 17. Bxd4 e5 18. Kh1 Rxd4 19. Qe2 Rxd1 20. Rxd1 Rd8 21.
Re1 Bd6 22. Rd1 Be7 23. Re1 Nd7 24. Bc4 Ra8 25. Qd3 Nc5 26. Qe2 Bf6 27. Rd1 Rd8
28. Re1 Rd6 29. Qe3 Qb6 30. f4 Nd7 31. Qxb6 Rxb6 32. b4 Rc6 33. Bd5 Rxc3 34.
Bxb7 exf4 35. Bxa6 Rxc2 36. b5 h6 37. Re8+ Kh7 38. h3 Be5 39. Kg1 Rc1+ 40. Kf2
Bd4+ 41. Ke2 Be3 42. Re7 Nb6 43. Rxf7 Rc2+ 44. Kd3 Rxg2 45. Bb7 Rd2+ 46. Kc3
Kg6 47. Re7 Nd5+ 48. Bxd5 Rxd5 49. Rb7 Rd6 50. a4 Rb6 51. Rd7 f3 52. Rd1 f2 53.
Kb4 Bd2+ 54. Kc5 Be1 55. Kxb6 f1=Q 56. Rd6+ Kf7 57. Rd7+ Ke6 58. Rc7 Qf2+ 59.
Kb7 Qf3+ 60. Rc6+ Kd7 61. h4 h5 62. a5 Bxa5 63. Ka6 Bd8 64. Kb7 Bc7 65. Ka6
Qxc6+ 66. bxc6+ Kxc6 67. Ka7 Bg3 68. Ka8 Bxh4 69. Ka7 Bg3 70. Ka8 h4 71. Ka7 h3
72. Ka8 h2 73. Ka7 h1=Q 0-1

[Event "CYCC U10"]
[Site "Kitchener CAN"]
[Date "2006.07.12"]
[Round "6"]
[White "Williams, Maxwell"]
[Black "Knox, Christopher"]
[Result "0-1"]
[WhiteElo "1177"]
[BlackElo "1726"]
[PlyCount "42"]
[EventDate "2006.07.10"]
[EventType "swiss"]
[EventRounds "7"]
[EventCountry "CAN"]

1. d4 Nf6 2. Nf3 c5 3. c3 d5 4. g3 Nc6 5. dxc5 a5 6. Bg2 e5 7. Be3 Ng4 8. Bg5
f6 9. Be3 Nxe3 10. fxe3 Bxc5 11. Nh4 Be6 12. Nd2 Bxe3 13. Qa4 Qb6 14. O-O-O
O-O-O 15. Qc2 d4 16. Nf5 dxc3 17. Qxc3 Bxf5 18. Qb3 Qxb3 19. axb3 Nb4 20. Rdf1
Bxd2+ 21. Kd1 Bc2# 0-1

[Event "CYCC U10"]
[Site "Kitchener CAN"]
[Date "2006.07.13"]
[Round "7"]
[White "Itkin, David"]
[Black "Dragan, Cristian"]
[Result "1-0"]
[WhiteElo "1294"]
[BlackElo "1603"]
[PlyCount "93"]
[EventDate "2006.07.10"]
[EventType "swiss"]
[EventRounds "7"]
[EventCountry "CAN"]

1. e4 e6 2. d4 d5 3. e5 c5 4. Nf3 Nc6 5. Nc3 cxd4 6. Nxd4 Nxe5 7. Qh5 Ng6 8.
Bd3 Nf6 9. Qe2 Bc5 10. Nb3 Bb6 11. Bg5 h6 12. Bxf6 Qxf6 13. Nxd5 Qxf2+ 14. Qxf2
Bxf2+ 15. Kxf2 exd5 16. Rhe1+ Kd8 17. Rad1 Ne7 18. Be4 Bg4 19. Rd2 Kc7 20. Bxd5
Nxd5 21. Rxd5 Be6 22. Rc5+ Kb6 23. Rc3 Rac8 24. Rxc8 Rxc8 25. Nd4 Re8 26. b4
Kc7 27. a4 Bd7 28. Rxe8 Bxe8 29. a5 g6 30. Ke3 Bc6 31. Nxc6 bxc6 32. Kd4 Kd6
33. c4 a6 34. Ke4 f6 35. g4 c5 36. b5 axb5 37. cxb5 h5 38. a6 Kc7 39. a7 Kb7
40. b6 hxg4 41. Kd5 f5 42. Kd6 c4 43. a8=Q+ Kxa8 44. Kc7 c3 45. b7+ Ka7 46.
b8=Q+ Ka6 47. Qb6# 1-0

[Event "CYCC U10"]
[Site "Kitchener CAN"]
[Date "2006.07.13"]
[Round "7"]
[White "Milner, Arie"]
[Black "Florea, Alexandru"]
[Result "0-1"]
[WhiteElo "1772"]
[BlackElo "1705"]
[PlyCount "92"]
[EventDate "2006.07.10"]
[EventType "swiss"]
[EventRounds "7"]
[EventCountry "CAN"]

1. e4 e6 2. d4 d5 3. e5 c5 4. c3 Nc6 5. Nf3 Qb6 6. Be2 cxd4 7. cxd4 Nge7 8. Bd3
Bd7 9. Bc2 Rc8 10. O-O Nb4 11. Nc3 Nxc2 12. Qxc2 Nc6 13. Rd1 Be7 14. a3 h6 15.
Qd3 O-O 16. Na4 Qd8 17. Nc3 Be8 18. Ne1 f6 19. f4 fxe5 20. fxe5 Bg5 21. Bxg5
Qxg5 22. Nf3 Rxf3 23. Qxf3 Bh5 24. Qh3 Bg4 25. Qg3 Bxd1 26. Qxg5 hxg5 27. Rxd1
a6 28. g3 Kf7 29. Kg2 Na5 30. Rf1+ Ke7 31. Kh3 Rh8+ 32. Kg2 Nc4 33. Rf2 Rf8 34.
Rxf8 Kxf8 35. Kf3 Nxb2 36. Kg4 Kf7 37. Kxg5 Nc4 38. a4 Na3 39. Kf4 Nc2 40. Ne2
b5 41. axb5 axb5 42. Nc1 Nxd4 43. Ke3 Nc6 44. Nd3 Kg6 45. h3 b4 46. Kf4 b3 0-1

[Event "CYCC U10"]
[Site "Kitchener CAN"]
[Date "2006.07.13"]
[Round "7"]
[White "Wasserman, Leor"]
[Black "Chan, Alex"]
[Result "1/2-1/2"]
[WhiteElo "1369"]
[BlackElo "1429"]
[PlyCount "61"]
[EventDate "2006.07.10"]
[EventType "swiss"]
[EventRounds "7"]
[EventCountry "CAN"]

1. e4 e5 2. Nf3 Nc6 3. Bc4 Bc5 4. d3 h6 5. Nc3 d6 6. Na4 Bb6 7. Nxb6 axb6 8. h3
Nf6 9. O-O O-O 10. Re1 Be6 11. Bxe6 fxe6 12. a3 Nd7 13. c3 Qf6 14. Be3 Rad8 15.
Qc2 Ne7 16. d4 Ng6 17. Qb3 Rde8 18. Rad1 Nh4 19. Nxh4 Qxh4 20. d5 Qf6 21. Qb5
Nc5 22. Bxc5 bxc5 23. Rf1 exd5 24. exd5 Qf7 25. Rd2 b6 26. Qe2 Qg6 27. Rd3 e4
28. Re3 Re5 29. Re1 Rfe8 30. c4 Rg5 31. f3 1/2-1/2

[Event "CYCC U10 playoff"]
[Site "Kitchener CAN"]
[Date "2006.07.13"]
[Round "1"]
[White "Qin, Zi Yi (Joey)"]
[Black "Florea, Alexandru"]
[Result "1-0"]
[WhiteElo "1780"]
[BlackElo "1705"]
[PlyCount "97"]
[EventDate "2006.07.10"]
[EventType "match"]
[EventRounds "2"]
[EventCountry "CAN"]

1. c4 c5 2. Nc3 Nc6 3. g3 Nf6 4. Bg2 e6 5. e4 Be7 6. Nge2 O-O 7. O-O a6 8. d3
Rb8 9. a3 Qa5 10. Bd2 Qc7 11. Be3 b5 12. Qc2 b4 13. axb4 Nxb4 14. Qd2 a5 15.
Nb5 Rxb5 16. cxb5 d5 17. exd5 exd5 18. d4 c4 19. Nc3 Bb7 20. Ra4 Qb6 21. Rfa1
Ra8 22. h3 Nd3 23. Bf1 Nb4 24. Bg2 Nd3 25. Bg5 Qxd4 26. Be3 Qe5 27. Rxc4 dxc4
28. Bxb7 Rb8 29. Bg2 Bb4 30. Qc2 Bxc3 31. bxc3 Qxb5 32. Qa2 h6 33. Qxa5 Qxa5
34. Rxa5 Rb3 35. Bd4 Nc1 36. Bf1 Nd3 37. Ra4 Nb2 38. Bxc4 Nxc4 39. Rxc4 Rb1+
40. Kg2 Ne4 41. Bxg7 Nd2 42. Rg4 Kh7 43. Bd4 Nb3 44. Rg7+ Kh8 45. Rxf7+ Nxd4
46. cxd4 Rd1 47. Rd7 Rd3 48. Kf1 Rd1+ 49. Ke2 1-0

[Event "CYCC U10 playoff"]
[Site "Kitchener CAN"]
[Date "2006.07.13"]
[Round "2"]
[White "Qin, Zi Yi (Joey)"]
[Black "Florea, Alexandru"]
[Result "0-1"]
[WhiteElo "1780"]
[BlackElo "1705"]
[PlyCount "70"]
[EventDate "2006.07.10"]
[EventType "match"]
[EventRounds "2"]
[EventCountry "CAN"]

1. d4 Nf6 2. c4 g6 3. Nc3 d5 4. c5 Bg7 5. Nf3 O-O 6. Bf4 Bf5 7. e3 c6 8. Bd3
Bxd3 9. Qxd3 Nbd7 10. O-O Nh5 11. Bg3 Nxg3 12. hxg3 Nf6 13. b4 Qc7 14. a4 Rab8
15. b5 Nd7 16. Rfb1 e5 17. Qe2 exd4 18. exd4 Rfe8 19. Qd3 Nf8 20. a5 Ne6 21. b6
axb6 22. axb6 Qd7 23. Ra7 Nf8 24. Ne2 Re4 25. Nc3 Ree8 26. Qc2 Qg4 27. Qa4 Nd7
28. Ra1 Qf5 29. Qd1 Nxc5 30. dxc5 Bxc3 31. R1a4 d4 32. Qb3 g5 33. Qa3 g4 34.
Nh4 Qb1+ 35. Kh2 Re1 0-1

[Event "CYCC U10 w"]
[Site "Kitchener CAN"]
[Date "2006.07.10"]
[Round "1"]
[White "Mehdiyeva, Masha"]
[Black "Kalaydina, Regina Veronicka"]
[Result "0-1"]
[WhiteElo "1028"]
[BlackElo "1283"]
[PlyCount "96"]
[EventDate "2006.07.10"]
[EventType "tourn"]
[EventRounds "7"]
[EventCountry "CAN"]

1. e4 d5 2. Nc3 dxe4 3. Nxe4 Bf5 4. Nc3 e5 5. d3 Nf6 6. Nf3 Nc6 7. Bg5 Be7 8.
Be2 O-O 9. O-O h6 10. Bxf6 Bxf6 11. h3 Re8 12. Qd2 Qd7 13. Rfe1 Rad8 14. Rad1
Be7 15. d4 exd4 16. Na4 Nb4 17. b3 Nxc2 18. Rf1 d3 19. Ne5 Qd4 20. Nxd3 Nb4 21.
Nab2 Nxa2 22. Ra1 Nc3 23. Rfe1 Bg5 24. Qc2 Nxe2+ 25. Rxe2 Rxe2 26. Qxe2 Bxd3
27. Nxd3 Qxd3 28. Qxd3 Rxd3 29. Re1 a5 30. Rb1 b5 31. Kf1 Rd2 32. Ke1 c5 33. g4
Kf8 34. f3 Rh2 35. Kd1 Rh1+ 36. Kc2 Rxb1 37. Kxb1 Ke7 38. Kc2 Kd6 39. Kc3 Bf6+
40. Kc2 Kd5 41. Kd3 c4+ 42. bxc4+ bxc4+ 43. Kc2 Kd4 44. Kd1 a4 45. Kc2 a3 46.
Kb1 Kd3 47. Ka2 c3 48. Kxa3 c2 0-1

[Event "CYCC U12"]
[Site "Kitchener CAN"]
[Date "2006.07.11"]
[Round "4"]
[White "Parker, Dylan"]
[Black "Klymenko, Matthew"]
[Result "1-0"]
[WhiteElo "1215"]
[BlackElo "1152"]
[PlyCount "67"]
[EventDate "2006.07.10"]
[EventType "swiss"]
[EventRounds "7"]
[EventCountry "CAN"]

1. e4 c5 2. Nc3 Nc6 3. g3 Nf6 4. d3 b6 5. Bg2 Bb7 6. Bg5 h6 7. Be3 e5 8. Qd2
Bd6 9. O-O-O O-O 10. f4 exf4 11. gxf4 Ng4 12. Bf3 Nxe3 13. Qxe3 Nb4 14. a3 Qf6
15. e5 Qe6 16. Bxb7 Rab8 17. Be4 Bc7 18. axb4 cxb4 19. Bd5 Qe7 20. Nb5 Rbc8 21.
Ne2 Bb8 22. Rhg1 Qc5 23. Qxc5 Rxc5 24. Bc4 d5 25. exd6 a6 26. Nbd4 b5 27. Bb3
Bxd6 28. Rg6 Be7 29. Rdg1 a5 30. Rxg7+ Kh8 31. Bxf7 Rcc8 32. Nf5 Bc5 33. R1g6
h5 34. Rh6# 1-0

[Event "CYCC U12"]
[Site "Kitchener CAN"]
[Date "2006.07.12"]
[Round "5"]
[White "Lung, Patrick"]
[Black "Parker, Dylan"]
[Result "1/2-1/2"]
[WhiteElo "1205"]
[BlackElo "1351"]
[PlyCount "43"]
[EventDate "2006.07.10"]
[EventType "swiss"]
[EventRounds "7"]
[EventCountry "CAN"]

1. c4 e5 2. Nc3 Nf6 3. e3 Nc6 4. d4 d6 5. d5 Ne7 6. e4 c6 7. g3 Ng4 8. h3 Nf6
9. Nf3 Ng6 10. Bg2 Bd7 11. Qd3 Be7 12. Bd2 O-O 13. O-O-O Qc7 14. Kb1 Rfc8 15.
Ng1 cxd5 16. cxd5 a5 17. Rc1 Qd8 18. Nge2 Rcb8 19. Nb5 Ne8 20. Rhf1 Qb6 21.
Nbc3 a4 22. Ka1 1/2-1/2

[Event "CYCC U12"]
[Site "Kitchener CAN"]
[Date "2006.07.12"]
[Round "6"]
[White "Parker, Dylan"]
[Black "Prysiazny, Michael"]
[Result "1-0"]
[WhiteElo "1351"]
[BlackElo "1215"]
[PlyCount "51"]
[EventDate "2006.07.10"]
[EventType "swiss"]
[EventRounds "7"]
[EventCountry "CAN"]

1. e4 e5 2. Nf3 Nc6 3. Nc3 Nf6 4. Bb5 d6 5. d4 exd4 6. Nxd4 Bd7 7. Nxc6 bxc6 8.
Ba4 Be7 9. O-O O-O 10. Bg5 h6 11. Bh4 Nxe4 12. Bxe7 Qxe7 13. Qe2 Rae8 14. Rfe1
d5 15. f3 Qc5+ 16. Qe3 d4 17. Nxe4 Rxe4 18. Qxe4 d3+ 19. Qe3 Qxe3+ 20. Rxe3
dxc2 21. Bxc2 Rb8 22. Rae1 g6 23. b3 Kg7 24. Re7 Be6 25. R1xe6 Rf8 26. Rxg6+
1-0

[Event "CYCC U12"]
[Site "Kitchener CAN"]
[Date "2006.07.12"]
[Round "6"]
[White "Sirithar, Bohishan"]
[Black "McArthur, Ricky"]
[Result "0-1"]
[WhiteElo "1201"]
[BlackElo "1240"]
[PlyCount "75"]
[EventDate "2006.07.10"]
[EventType "swiss"]
[EventRounds "7"]
[EventCountry "CAN"]

1. e4 Nf6 2. Nc3 g6 3. Nf3 Bg7 4. d4 O-O 5. Bd3 d6 6. O-O Nbd7 7. h3 b6 8. Re1
e6 9. Bg5 h6 10. Bh4 Bb7 11. Qd2 Qe7 12. Bg3 Rad8 13. Nb5 c6 14. Bxd6 Qe8 15.
Nc7 Nh5 16. Nxe8 Rfxe8 17. e5 c5 18. Nh2 cxd4 19. Ng4 f6 20. Bb5 a6 21. Bxd7
Rxd7 22. Qxd4 b5 23. Rad1 fxe5 24. Qb4 Bc6 25. Nxe5 Rb7 26. Nxc6 a5 27. Qxa5
Bxb2 28. Qd2 g5 29. c3 Bxc3 30. Qxc3 Rc8 31. Qf3 Rd7 32. Ne7+ Kh8 33. Nxc8 Rb7
34. Qxh5 Kh7 35. Rxe6 b4 36. Qxh6+ Kg8 37. Qf8+ Kh7 38. Rh6# 0-1

[Event "CYCC U12"]
[Site "Kitchener CAN"]
[Date "2006.07.13"]
[Round "7"]
[White "Comhaire, Jonathan"]
[Black "Lung, Patrick"]
[Result "0-1"]
[WhiteElo "1027"]
[BlackElo "1205"]
[PlyCount "54"]
[EventDate "2006.07.10"]
[EventType "swiss"]
[EventRounds "7"]
[EventCountry "CAN"]

1. d4 d5 2. Nc3 Nf6 3. Be3 Nc6 4. Nf3 g6 5. Ne5 Bd7 6. Nxc6 Bxc6 7. Qd3 Bg7 8.
Nb5 a6 9. Na3 Qd7 10. g3 Ng4 11. h4 e5 12. Bh3 e4 13. Qb3 f5 14. f3 Nxe3 15.
Qxe3 O-O-O 16. Nb5 Bxb5 17. O-O Rhe8 18. g4 exf3 19. Rxf3 Rxe3 20. Rxe3 fxg4
21. Bxg4 Qxg4+ 22. Kf2 Qxh4+ 23. Kf1 Rf8+ 24. Rf3 Rxf3+ 25. Kg2 Qg3+ 26. Kh1
Bxd4 27. b4 Qh3# 0-1

[Event "CYCC U12"]
[Site "Kitchener CAN"]
[Date "2006.07.13"]
[Round "7"]
[White "Keith-Jacques, Liam"]
[Black "Marinkovic, Mate"]
[Result "1-0"]
[WhiteElo "1708"]
[BlackElo "1583"]
[PlyCount "81"]
[EventDate "2006.07.10"]
[EventType "swiss"]
[EventRounds "7"]
[EventCountry "CAN"]

1. e4 c5 2. Nf3 d6 3. d4 cxd4 4. Nxd4 Nf6 5. Nc3 g6 6. Be3 Bg7 7. f3 O-O 8. Qd2
Nc6 9. O-O-O Bd7 10. Bc4 Rc8 11. Bb3 Ne5 12. h4 Nc4 13. Bxc4 Rxc4 14. h5 Qa5
15. hxg6 fxg6 16. Nb3 Qc7 17. Bh6 Bxh6 18. Qxh6 Rf7 19. Qe3 b5 20. Rd2 b4 21.
Nd5 Nxd5 22. exd5 Bf5 23. Nd4 Bd7 24. Ne6 Bxe6 25. dxe6 Rg7 26. Re1 a5 27. b3
Rc5 28. Qe4 Kh8 29. Rd5 Rxd5 30. Qxd5 Qc3 31. Rd1 Qe3+ 32. Kb1 Qb6 33. Qd4 Qc7
34. Kb2 h6 35. Rh1 Kh7 36. Qe3 g5 37. g4 Qb7 38. Qd3+ Rg6 39. Qf5 Qc7 40. Qf7+
Rg7 41. Rxh6+ 1-0

[Event "CYCC U12"]
[Site "Kitchener CAN"]
[Date "2006.07.13"]
[Round "7"]
[White "McArthur, Ricky"]
[Black "Li, Ruokai (David)"]
[Result "0-1"]
[WhiteElo "1240"]
[BlackElo "958"]
[PlyCount "42"]
[EventDate "2006.07.10"]
[EventType "swiss"]
[EventRounds "7"]
[EventCountry "CAN"]

1. Nf3 d5 2. Nc3 Nc6 3. d3 e5 4. e4 d4 5. Ne2 Bg4 6. Bg5 Be7 7. Bxe7 Ngxe7 8.
h3 Bxf3 9. gxf3 Ng6 10. Qd2 Qf6 11. Bg2 Rf8 12. O-O Qh4 13. Rad1 f5 14. f4 fxe4
15. dxe4 Nxf4 16. Nxf4 exf4 17. c3 f3 18. Bh1 Qxh3 19. cxd4 Rf6 20. e5 Rg6+ 21.
Bg2 Rxg2# 0-1

[Event "CYCC U12"]
[Site "Kitchener CAN"]
[Date "2006.07.13"]
[Round "7"]
[White "Sapozhnikov, Roman"]
[Black "Gladstone, Simon"]
[Result "1-0"]
[WhiteElo "1851"]
[BlackElo "1570"]
[PlyCount "115"]
[EventDate "2006.07.10"]
[EventType "swiss"]
[EventRounds "7"]
[EventCountry "CAN"]

1. d4 e6 2. c4 Nf6 3. Nc3 Bb4 4. Qc2 O-O 5. a3 Bxc3+ 6. Qxc3 b6 7. f3 d6 8. e4
c5 9. d5 exd5 10. cxd5 Ba6 11. Bxa6 Nxa6 12. Ne2 Nc7 13. O-O Re8 14. Ng3 g6 15.
h4 Qe7 16. h5 Nd7 17. hxg6 hxg6 18. Kf2 Qf6 19. Qd2 Ne5 20. Rh1 Nc4 21. Qh6
Qd4+ 22. Ke1 Qg7 23. Qxg7+ Kxg7 24. b3 Ne5 25. Bh6+ Kg8 26. Bg5 Nd7 27. Kf2 f6
28. Be3 Kg7 29. Bh6+ Kf7 30. Bf4 Kg7 31. Bxd6 Nb5 32. Bf4 Rh8 33. a4 Nd4 34.
Rxh8 Rxh8 35. Rb1 Ne5 36. Bxe5 fxe5 37. Ne2 Nxe2 38. Kxe2 Rd8 39. Kd3 Kf6 40.
Kc4 Kg5 41. Kb5 Kf4 42. Kc6 Kg5 43. Kc7 Rf8 44. d6 Kf6 45. Rh1 Ke6 46. Rh7 Ra8
47. d7 a6 48. d8=Q Ra7+ 49. Kxb6 Rxh7 50. Kxc5 Rh2 51. Qd6+ Kf7 52. Qxe5 Rxg2
53. Qc7+ Kf6 54. Qb6+ Kg7 55. Qxa6 Rb2 56. b4 Rc2+ 57. Kd6 Rd2+ 58. Ke7 1-0